Directorio de centros latinoamericanos de estudios en relaciones internacionales; primer borrador, críticas y comentarios /

Salvato in:
Dettagli Bibliografici
Autore principale: Barros, Alexander
Enti autori: Programa de estudios conjuntos sobre relaciones internacionales de América Latina, RIAL
Altri autori: ed.
Natura: testo
Pubblicazione: Rio de Janeiro: RIAL
Tags: Aggiungi Tag
Nessun Tag, puoi essere il primo ad aggiungerne!!

MARC

LEADER 00000 a a2200000 04500
001 23487
003
040 |a CRAI/IIS  |c CRAI/IIS 
090 |a 163100  
100 |a Barros, Alexander  
110 |a Programa de estudios conjuntos sobre relaciones internacionales de América Latina  
245 |a Directorio de centros latinoamericanos de estudios en relaciones internacionales; primer borrador, críticas y comentarios /  |c Programa de estudios conjuntos sobre relaciones internacionales de América Latina  
260 |a Rio de Janeiro:   |b RIAL  
300 |a 273 p.  
700 |a ed.  
710 |a RIAL  
999 |c 2094  |d 2094